01466nam a2200265 u 45000010006000000050017000060080041000230200018000640350010000820350021000920400013001130410008001260820008001341000031001422450088001732600040002613000018003015000701003196500036010206500025010566500032010816500025011136500034011387000028011726303220260428111103.0960313s1990 spa  a958-04-0846-7 a63032 a(OCoLC)778185577 ccomduadb aspa 4a15510aProctor, William4auteaut13aEl niño que tiene de todo en exceso : de verdad necesita su hijo lo mejor de todo aBogotá :bEditorial Norma,c1990. a226 páginas aCONTENIDO : 1: Los peligros de tener en exceso. -- 2: ¿Es su hijo víctima del síndrome del niño rico? -- 3: Niños que tienen excesiva libertad. -- 4: Señales de peligro de excesiva libertad y cómo pueden responder los padres. -- 5: Niños que tienen demasiado dinero. -- 6: Por qué los padres les dan a sus hijos dinero en exceso y qué hacer para impedirlo. -- 7: Niños sometidos a presión excesiva para que triunfen. -- 8: Seis reglas para reducir las presiones inconvenientes en los niños. -- 9: ¿Pueden los niños excederse en los deportes o en los ejercicios? -- 10: Niños que comen demasiado, o demasiado poco. -- 11: Niños que reciben excesiva información. . aProblemas emocionales - Niños 7aPadres e hijos2lemb 7aPsicología infantil2lemb aNutrición infantil 7aEducación en el hogar2lemb10aMinear, Ralph4auteaut